Dopady pravděpodobného zhodnocení koruny

Termín zavedenia zameniteľnosti českej koruny v súvislosti s prejednávaním novely devízového zákona v českom parlamente. Oscilácia kurzu českej koruny. Miera zhodnotenia českej koruny a jej vplyv na jednotlivé hospodárske veličiny - platobnú bilanciu, bilanciu služieb, kapitálový účet, úrokové sadzb...

Descrizione completa

Salvato in:
Dettagli Bibliografici
Autore principale: Machala, Karel
Natura: Capitolo di libro
Lingua:ceco
Soggetti:
Tags: Aggiungi Tag
Nessun Tag, puoi essere il primo ad aggiungerne!!

MARC

LEADER 00000naa a2200000 4500
001 r019148
005 20221208131413.3
041 0 |a cze 
044 |a CZ 
245 1 0 |a Dopady pravděpodobného zhodnocení koruny  |c K. Machala 
520 |a Termín zavedenia zameniteľnosti českej koruny v súvislosti s prejednávaním novely devízového zákona v českom parlamente. Oscilácia kurzu českej koruny. Miera zhodnotenia českej koruny a jej vplyv na jednotlivé hospodárske veličiny - platobnú bilanciu, bilanciu služieb, kapitálový účet, úrokové sadzby, infláciu a pozíciu bánk v ČR. 
610 2 0 |a konvertibilita 
610 2 0 |a politika devízová 
610 2 0 |a kurz výmenný 
610 2 0 |a mena 
610 2 0 |a bilancia platobná 
610 2 0 |a bilancia obchodná 
610 2 0 |a sadzby úrokové 
610 2 0 |a miera inflácie 
610 2 0 |a účty kapitálové 
610 2 0 |a Česko 
100 1 |a Machala, Karel